书目信息 |
| 题名: |
屈玲妮的周庄世界
|
|
| 作者: | 郭军 著 | |
| 分册: | ||
| 出版信息: | 广州 广东人民出版社 2008.04 |
|
| 页数: | 246页, [4] 页图版 | |
| 开本: | 24cm | |
| 丛书名: | ||
| 单 册: | ||
| 中图分类: | I253.3 , F127.535 | |
| 科图分类: | ||
| 主题词: | 报告文学--bao gao wen xue--中国--现代 , 乡镇--xiang zhen--经济发展--昆山市 | |
| 电子资源: | ||
| ISBN: | 978-7-218-05811-5 | |
| 000 | 00884nam0 2200253 450 | |
| 001 | 012009902206 | |
| 005 | 20090430145921.32 | |
| 010 | @a978-7-218-05811-5@dCNY29.80 | |
| 100 | @a20090430d2008 em y0chi0120 ea | |
| 101 | 0 | @achi |
| 102 | @aCN@b440000 | |
| 105 | @aacf z 000zy | |
| 106 | @ar | |
| 200 | 1 | @a屈玲妮的周庄世界@Aqu ling ni de zhou zhuang shi jie@f郭军著@Fguo jun zhu |
| 210 | @a广州@c广东人民出版社@d2008.04 | |
| 215 | @a246页, [4] 页图版@c图, 肖像@d24cm | |
| 330 | @a本书介绍了周庄镇党委书记带领周庄人民使历经风雨的周庄又焕发它的光彩,周庄经验,对于我国经济建设、文化建设等许多领域都具有普遍的意义和价值。 | |
| 606 | 0 | @a报告文学@Abao gao wen xue@y中国@z现代 |
| 606 | 0 | @a乡镇@Axiang zhen@x经济发展@y昆山市 |
| 690 | @aI253.3@v4 | |
| 690 | @aF127.535@v4 | |
| 701 | 0 | @a郭军@Aguo jun@4著 |
| 801 | 0 | @aCN@bQSSK@c20090430 |
| 905 | @b741625-26@dI253.3@eG805@f3 | |
| 屈玲妮的周庄世界/郭军著.-广州:广东人民出版社,2008.04 |
| 246页, [4] 页图版:图, 肖像;24cm |
| ISBN 978-7-218-05811-5:CNY29.80 |
| 本书介绍了周庄镇党委书记带领周庄人民使历经风雨的周庄又焕发它的光彩,周庄经验,对于我国经济建设、文化建设等许多领域都具有普遍的意义和价值。 |
| ● |
| 相关链接 |
|
|
|
正题名:屈玲妮的周庄世界
索取号:I253.3/G805
 
预约/预借
| 序号 | 登录号 | 条形码 | 馆藏地/架位号 | 状态 | 备注 |
| 1 | 741625 | 207416250 | 文学库108/108文学库 68排3列1层/ [索取号:I253.3/G805] | 在馆 | |
| 2 | 741626 | 207416269 | 文学库108/108文学库 68排3列1层/ [索取号:I253.3/G805] | 在馆 |